[Event "Open Ouest 2016/2017"]
[Site "Vitrolles"]
[Date "2016.12"]
[Round "4"]
[White "Porte, Jacques"]
[Black "Maccagno, Gilbert"]
[Result "1/2-1/2"]
[WhiteElo "1322"]
[BlackElo "1351"]
[PlyCount "118"]

1. d4 Nf6 2. Nf3 d6 3. c4 g6 4. Nc3 Bg7 5. Bg5 O-O 6. e4 c6 7. Bd3 Qa5 8. Bd2
Qd8 9. h3 Nbd7 10. O-O e5 11. dxe5 dxe5 12. Be3 h6 13. Qd2 Kh7 14. Rad1 b6 15.
Bc2 Qc7 16. b3 Bb7 17. Qc1 Rfd8 18. b4 Nf8 19. Rd2 Rxd2 20. Bxd2 Ne6 21. Be3
Rd8 22. Qa3 Ba8 23. Rd1 Rxd1+ 24. Bxd1 Bf8 25. Qb2 Bb7 26. a3 Bg7 27. Ne2 c5
28. Qxe5 Nxe4 29. Qxc7 Nxc7 30. bxc5 Nxc5 31. Bf4 N7a6 32. Bc2 Be4 33. Bxe4
Nxe4 34. Ne5 Nd6 35. Nxg6 fxg6 36. Bxd6 Kg8 37. h4 Bf8 38. Bf4 h5 39. a4 Be7
40. Nd4 Bxh4 41. Nc6 Nc5 42. Nxa7 Nxa4 43. Nc8 Bd8 44. Be3 Kf7 45. Kf1 Ke6 46.
Ke2 Kd7 47. Na7 Nb2 48. c5 bxc5 49. Bxc5 Nc4 50. Kd3 Ne5+ 51. Ke4 Ke6 52. Nb5
Nd7 53. Be3 Nf6+ 54. Kd3 Ng4 55. Nd4+ Kd5 56. f3 Nxe3 57. Kxe3 Bb6 58. Kf4 Bxd4
59. Kg5 Ke5 1/2-1/2

[Event "Open Ouest 2016/2017"]
[Site "Vitrolles"]
[Date "2016.12"]
[Round "4"]
[White "Benoit-Lizon, Alain"]
[Black "Mars, Florence"]
[Result "1-0"]
[WhiteElo "1580"]
[BlackElo "1114"]
[PlyCount "103"]

1. e4 c5 2. d4 cxd4 3. c3 dxc3 4. Nxc3 Nc6 5. Nf3 d6 6. Bc4 Nf6 7. Qe2 Bg4 8.
O-O Nd4 9. Bxf7+ Kxf7 10. Qc4+ Ke8 11. Qxd4 Bxf3 12. gxf3 Rg8 13. Rd1 g5 14. e5
dxe5 15. Qxe5 Nd7 16. Qe4 Qc8 17. Qxh7 Nf6 18. Qd3 Qh3 19. Qb5+ Kf7 20. Qc4+
Qe6 21. Qxe6+ Kxe6 22. b3 g4 23. f4 a6 24. Re1+ Kf5 25. Re5+ Kg6 26. Ba3 Kf7
27. Rae1 Re8 28. Ne2 e6 29. Bxf8 Rgxf8 30. Nd4 Nd7 31. Rxe6 Rxe6 32. Rxe6 Nc5
33. Re5 Nd7 34. Rf5+ Nf6 35. Nc2 Rg8 36. Ne3 Ke6 37. Re5+ Kf7 38. Kg2 Nd7 39.
Rf5+ Nf6 40. Kg3 Ke6 41. Re5+ Kf7 42. Kh4 Rh8+ 43. Kg3 Rg8 44. Nd5 Nxd5 45.
Rxd5 Ke6 46. Rh5 Kf6 47. Rh7 Rg7 48. Rxg7 Kxg7 49. Kxg4 Kf6 50. f5 b5 51. h4 a5
52. h5 1-0

[Event "Open Ouest 2016/2017"]
[Site "Vitrolles"]
[Date "2016.12"]
[Round "4"]
[White "Misene, Milan"]
[Black "Chabaud, Philippe"]
[Result "1-0"]
[WhiteElo "1343"]
[BlackElo "1349"]
[PlyCount "103"]

1. e4 e6 2. d4 d5 3. Nd2 c5 4. exd5 exd5 5. Bb5+ Bd7 6. Qe2+ Qe7 7. Bxd7+ Nxd7
8. Qxe7+ Bxe7 9. dxc5 Nxc5 10. Ngf3 Nf6 11. O-O O-O 12. b3 Nfe4 13. Bb2 Bf6 14.
Bxf6 Nxf6 15. Rad1 Rfe8 16. Nd4 a6 17. Rfe1 Rad8 18. N2f3 Nce4 19. Ne2 Ng4 20.
Rf1 Ng5 21. Ned4 Nxf3+ 22. Nxf3 h6 23. Rd4 Nf6 24. Rfd1 Re2 25. R4d2 Rde8 26.
Rxe2 Rxe2 27. Rd2 Rxd2 28. Nxd2 Kf8 29. Kf1 Ke7 30. Ke2 Ke6 31. Kd3 Ng4 32. h3
Nxf2+ 33. Ke3 Nd1+ 34. Kd4 Kd6 35. c4 dxc4 36. Nxc4+ Ke6 37. a4 g5 38. a5 f5
39. Kc5 Kd7 40. Kb6 Kc8 41. Nd6+ Kd7 42. Nxf5 Kc8 43. Nxh6 Ne3 44. Nf7 Nd5+ 45.
Kc5 Nf4 46. Nxg5 Nxg2 47. Kb6 Nf4 48. h4 Nd5+ 49. Kc5 Nf6 50. Ne6 Kd7 51. Nf4
Kc7 52. Nd5+ 1-0

[Event "Open Ouest 2016/2017"]
[Site "Vitrolles"]
[Date "2016.12"]
[Round "4"]
[White "Reymond, Jean-Francois"]
[Black "Blondelon, Claude"]
[Result "1/2-1/2"]
[WhiteElo "1487"]
[BlackElo "1291"]
[PlyCount "104"]

1. e4 e6 2. f4 d5 3. e5 Ne7 4. Nf3 Ng6 5. d4 Be7 6. Be3 c5 7. Nbd2 cxd4 8. Nxd4
Nc6 9. N2f3 Nh4 10. g3 Nxf3+ 11. Nxf3 O-O 12. Bg2 f5 13. O-O b6 14. c3 Bd7 15.
b4 b5 16. Nd2 Nb8 17. Nb3 Qc8 18. Qd2 a6 19. Bd4 Re8 20. Rac1 Nc6 21. Qe3 Qb7
22. Nc5 Bxc5 23. Bxc5 Rac8 24. Ra1 Rb8 25. a4 bxa4 26. Rxa4 Qb5 27. Rfa1 Ra8
28. Bb6 Rec8 29. Bf1 d4 30. Bxd4 Qd5 31. Rxa6 Rxa6 32. Rxa6 Nxd4 33. Rd6 Nf3+
34. Kf2 Qe4 35. Rxd7 Nxh2 36. Qxe4 fxe4 37. Re7 Rxc3 38. Bb5 e3+ 39. Ke2 Ng4
40. Rxe6 Rb3 41. Kf3 Rxb4 42. Be2 Rb2 43. Kxg4 Rxe2 44. Kf3 Re1 45. Rd6 Kf7 46.
Rd7+ Kg6 47. g4 e2 48. f5+ Kg5 49. Rxg7+ Kh6 50. f6 Rf1+ 51. Kxe2 Re1+ 52. Kd3
Re3+ 1/2-1/2

[Event "Open Ouest 2016/2017"]
[Site "Vitrolles"]
[Date "2016.12"]
[Round "4"]
[White "Pau, Gerard"]
[Black "Dufresne, Said"]
[Result "0-1"]
[WhiteElo "1399"]
[BlackElo "1443"]
[PlyCount "64"]

1. e4 e6 2. Nf3 d5 3. Nc3 Nf6 4. Bb5+ Bd7 5. Bxd7+ Nbxd7 6. d3 Bb4 7. Bd2 dxe4
8. dxe4 c6 9. O-O Qc7 10. Qe2 Ne5 11. Bf4 Bd6 12. Nxe5 Bxe5 13. Bxe5 Qxe5 14.
Rad1 O-O 15. h3 Rfd8 16. Rd3 Qc7 17. Rfd1 Rxd3 18. Rxd3 Rd8 19. Qd2 Rxd3 20.
Qxd3 Qd7 21. Qg3 Qd8 22. Kh2 h6 23. f3 b5 24. Ne2 c5 25. Nf4 e5 26. Nd3 c4 27.
Nxe5 Qd2 28. Nc6 Nh5 29. Ne7+ Kf8 30. Qc7 Nf4 31. Kg3 Qxg2+ 32. Kxf4 Qh2+ 0-1

[Event "Open Ouest 2016/2017"]
[Site "Vitrolles"]
[Date "2016.12"]
[Round "4"]
[White "Zajaczkowski, Danielle"]
[Black "Coquet, Bruno"]
[Result "0-1"]
[WhiteElo "1378"]
[BlackElo "1399"]
[PlyCount "100"]

1. d4 d5 2. Nf3 Nc6 3. Bf4 Nf6 4. c3 h6 5. Nbd2 Bf5 6. e3 a6 7. Be2 e6 8. O-O
b5 9. Ne5 Nxe5 10. dxe5 Ne4 11. Nxe4 Bxe4 12. Bd3 Be7 13. Bxe4 dxe4 14. Qd4 Qd5
15. Rfd1 Rd8 16. a3 Qb3 17. Rab1 Rxd4 18. exd4 O-O 19. Re1 g5 20. Be3 c6 21.
Rf1 f6 22. exf6 Bxf6 23. h3 e5 24. dxe5 Bxe5 25. Rfd1 Qf7 26. Bc5 Re8 27. Rf1
Qf4 28. g3 Qf3 29. Rfe1 Rd8 30. Re3 Qf5 31. Kg2 Rd2 32. Ree1 h5 33. Be3 Rc2 34.
Rec1 Rxc1 35. Rxc1 Qf3+ 36. Kg1 Bxg3 37. Re1 Bf4 38. b3 Qxh3 39. c4 Bxe3 40.
Rxe3 Qe6 41. cxb5 cxb5 42. Kg2 a5 43. Rg3 Qd5 44. Re3 h4 45. Kh2 g4 46. Kg2 Qe5
47. Kh1 Qf4 48. Kg2 g3 49. Re2 Qf3+ 50. Kf1 Qh1# 0-1

[Event "Open Ouest 2016/2017"]
[Site "Vitrolles"]
[Date "2017.01.21"]
[Round "5"]
[White "Muhajiz, Gibran"]
[Black "Jullien, Patrick"]
[Result "1-0"]
[WhiteElo "1877"]
[BlackElo "1602"]
[PlyCount "65"]

1. d4 d5 2. c4 e6 3. Nc3 Nf6 4. Bg5 Be7 5. e3 h6 6. Bh4 O-O 7. Nf3 b6 8. cxd5
Nxd5 9. Bxe7 Qxe7 10. e4 Nxc3 11. bxc3 Bb7 12. Bd3 c5 13. O-O Nd7 14. Re1 cxd4
15. cxd4 Qd8 16. e5 Rc8 17. Nd2 Qg5 18. Ne4 Bxe4 19. Bxe4 Rc7 20. Qa4 Rfc8 21.
g3 Nf8 22. Rad1 Ng6 23. d5 exd5 24. Bxd5 Ne7 25. Bb3 Nf5 26. e6 h5 27. exf7+
Kh7 28. Qe8 h4 29. Qg8+ Kg6 30. f8=Q Rxf8 31. Qxf8 hxg3 32. hxg3 Nxg3 33. Qd6+
1-0

[Event "Open Ouest 2016/2017"]
[Site "Vitrolles"]
[Date "2017.01.21"]
[Round "5"]
[White "Benoit-Lizon, Alain"]
[Black "Quet, Jean-Francois"]
[Result "0-1"]
[WhiteElo "1540"]
[BlackElo "1688"]
[PlyCount "74"]

1. e4 c6 2. d4 d5 3. e5 Bf5 4. Nc3 e6 5. g4 Bg6 6. Nge2 Be7 7. Be3 Bh4 8. Ng3
f6 9. f4 Nd7 10. Bd3 fxe5 11. fxe5 Ne7 12. Rf1 Bxd3 13. Qxd3 Ng6 14. O-O-O Bxg3
15. hxg3 Qe7 16. Rh1 O-O-O 17. Rh5 Rdg8 18. Rdh1 Ngf8 19. g5 g6 20. R5h4 Nb6
21. Ne2 Nc4 22. Nf4 Qb4 23. Bd2 Qxb2+ 24. Kd1 Qxa2 25. Ke2 Nb2 26. Qc3 Qa6+ 27.
Nd3 Nxd3 28. cxd3 Rg7 29. Ra1 Qb6 30. Rhh1 a6 31. Rhb1 Qc7 32. Qc5 Nd7 33. Qb4
Rf8 34. Rb3 Rgf7 35. Bf4 Nb8 36. Rab1 Rd8 37. Qxb7+ Qxb7 0-1

[Event "Open Ouest 2016/2017"]
[Site "Vitrolles"]
[Date "2017.01.21"]
[Round "5"]
[White "Maccagno, Gilbert"]
[Black "Estevez, Ange"]
[Result "0-1"]
[WhiteElo "1363"]
[BlackElo "1490"]
[PlyCount "86"]

1. e4 e5 2. Nf3 Nc6 3. Bc4 Nf6 4. d3 Bc5 5. O-O O-O 6. a3 a6 7. Bg5 h6 8. Bh4
d6 9. h3 Be6 10. Bd5 Kh7 11. Nc3 Rg8 12. Rb1 g5 13. Bg3 Bxd5 14. exd5 Ne7 15.
Ne4 Nxe4 16. dxe4 Ng6 17. Nh2 Nf4 18. Bxf4 gxf4 19. Kh1 Qg5 20. Qg4 Qxg4 21.
Nxg4 Rg6 22. Nh2 Rag8 23. Nf3 Rxg2 24. Nh4 Rxf2 25. Rxf2 Bxf2 26. Nf5 f6 27.
Rf1 Bg3 28. Rg1 h5 29. Rg2 h4 30. c4 b6 31. a4 a5 32. b3 Re8 33. Kg1 Rg8 34.
Kf1 Re8 35. Nxg3 hxg3 36. Ke2 Rg8 37. Kf3 Kh6 38. Rg1 Kh5 39. Kg2 Kh4 40. Rf1
Rf8 41. Rh1 f5 42. exf5 Rxf5 43. Kf3 Rf8 0-1

[Event "Open Ouest 2016/2017"]
[Site "Vitrolles"]
[Date "2017.01.21"]
[Round "5"]
[White "Porte, Jacques"]
[Black "Misene, Milan"]
[Result "1/2-1/2"]
[WhiteElo "1360"]
[BlackElo "1350"]
[PlyCount "83"]

1. d4 Nf6 2. c4 g6 3. Nc3 d5 4. cxd5 Nxd5 5. e4 Nxc3 6. bxc3 Bg7 7. Nf3 c5 8.
Be3 O-O 9. Be2 Nc6 10. O-O cxd4 11. cxd4 b6 12. Rb1 Bb7 13. Qd2 e6 14. Rbd1 Ne7
15. Bd3 Re8 16. Bg5 f5 17. Bb5 Rf8 18. d5 exd5 19. exd5 Qd6 20. Bf4 Qxd5 21.
Qe2 Qf7 22. Bc4 Nd5 23. Qc2 Rfe8 24. Qb3 Rad8 25. h4 h6 26. Rd2 Re4 27. g3 Rxc4
28. Qxc4 Rc8 29. Qb3 Rc3 30. Qd1 Nxf4 31. Rd8+ Kh7 32. gxf4 Bxf3 33. Rd7 Qf6
34. Qa4 Bc6 35. Rxg7+ Kxg7 36. Qxa7+ Kf8 37. Qxb6 Qd6 38. Qb2 Rh3 39. Qh8+ Kf7
40. Qh7+ Kf8 41. Qh8+ Kf7 42. Qh7+ 1/2-1/2

[Event "Open Ouest 2016/2017"]
[Site "Vitrolles"]
[Date "2017.01.21"]
[Round "5"]
[White "Mars, Florence"]
[Black "Cens, Alain"]
[Result "0-1"]
[WhiteElo "1100"]
[BlackElo "1450"]
[PlyCount "22"]

1. e4 d5 2. exd5 Nf6 3. d4 Bg4 4. f3 Bf5 5. c4 e6 6. dxe6 Nc6 7. exf7+ Kxf7 8.
d5 Nb4 9. g4 Nc2+ 10. Kf2 Nxg4+ 11. fxg4 Qh4+ 0-1

[Event "Open Ouest 2016/2017"]
[Site "Vitrolles"]
[Date "2017.01.21"]
[Round "5"]
[White "Blondelon, Remi"]
[Black "Blondelon, Claude"]
[Result "1-0"]
[WhiteElo "1428"]
[BlackElo "1298"]
[PlyCount "119"]

1. d4 d5 2. Nf3 Nf6 3. e3 e6 4. Bd3 Be7 5. O-O Nbd7 6. Nbd2 b6 7. Re1 a5 8. e4
dxe4 9. Nxe4 Bb7 10. b3 Ba6 11. Bxa6 Rxa6 12. Bb2 Nxe4 13. Rxe4 Nf6 14. Qd3 Ra8
15. Rh4 h6 16. Ne5 Qd6 17. Rh3 O-O 18. Re1 Rad8 19. Ng6 Nd5 20. Nxe7+ Qxe7 21.
Qg3 Qg5 22. Qxg5 hxg5 23. c3 Nf4 24. Rf3 Rfe8 25. Bc1 e5 26. Bxf4 gxf4 27. Kf1
f6 28. dxe5 fxe5 29. Rh3 Kf7 30. Rh5 Rd5 31. g4 Kf6 32. Re4 Red8 33. h4 Rd1+
34. Kg2 R8d5 35. Rf5+ Ke6 36. Rfxf4 R1d2 37. Rf8 Rxa2 38. Re8+ Kd6 39. g5 Rc5
40. h5 Rxc3 41. R8xe5 Rxb3 42. h6 gxh6 43. gxh6 Raa3 44. Rh5
Rb4 45. Rxb4 axb4 46. h7 Ra8 47. h8=Q Rxh8 48. Rxh8 Kc5 49. Rh1 b3 50. f4 Kd6
51. Rb1 c5 52. Rxb3 Kc6 53. Kf3 c4 54. Rb1 Kc5 55. Ke4 b5 56. f5 b4 57. f6 b3
58. f7 Kb4 59. f8=Q+ Kc3 60. Qa3 1-0

[Event "Open Ouest 2016/2017"]
[Site "Vitrolles"]
[Date "2017.01.21"]
[Round "5"]
[White "Dufresne, Said"]
[Black "Reymond, Jean-Francois"]
[Result "1-0"]
[WhiteElo "1418"]
[BlackElo "1445"]
[PlyCount "91"]

1. c4 c5 2. Nc3 Nf6 3. g3 g6 4. Bg2 Bg7 5. e4 d6 6. Nge2 O-O 7. O-O Nbd7 8. Rb1
Ne5 9. d4 cxd4 10. Nxd4 Nxc4 11. b3 Ne5 12. h3 a6 13. Bb2 Bd7 14. Kh2 Nc6 15.
Nde2 Rb8 16. Nf4 Ne5 17. Ncd5 Bc6 18. Nxf6+ Bxf6 19. Nd5 Bg7 20. Kh1 e6 21. Ne3
b5 22. Qd4 f6 23. Rfd1 Nf7 24. Rbc1 e5 25. Qd2 Rc8 26. Ba3 Bb7 27. Rxc8 Qxc8
28. Nd5 Bxd5 29. Qxd5 Kh8 30. Rc1 Qd7 31. Bb4 Rc8 32. Rxc8+ Qxc8 33. Qxf7 Qd8
34. Ba5 Qc8 35. Bc7 h6 36. Bxd6 g5 37. Qc7 Qe8 38. Qb8 Qxb8 39. Bxb8 Kg8 40.
Bf1 Kf8 41. a4 bxa4 42. bxa4 Ke7 43. Bxa6 Kd7 44. Bb5+ Kc8 45. Bd6 Kb7 46. a5
1-0

[Event "Open Ouest 2016/2017"]
[Site "Vitrolles"]
[Date "2017.01.21"]
[Round "5"]
[White "Chabaud, Philippe"]
[Black "Pau, Gerard"]
[Result "1-0"]
[WhiteElo "1364"]
[BlackElo "1399"]
[PlyCount "63"]

1. d4 d5 2. Bf4 Nc6 3. e3 e6 4. Nf3 Bb4+ 5. c3 Ba5 6. Nbd2 Nge7 7. Bd3 O-O 8.
Qc2 g6 9. O-O a6 10. Rfe1 b5 11. b4 Bb6 12. e4 dxe4 13. Nxe4 Nd5 14. Bg5 f6 15.
Bh6 Re8 16. Rad1 g5 17. Nc5 Re7 18. g3 Rf7 19. Nxe6 Bxe6 20. Rxe6 Nce7 21. a3
Qd7 22. Rde1 Kh8 23. c4 bxc4 24. Qxc4 Ng8 25. Bxg5 fxg5 26. Nxg5 Re7 27. Bf5
Qd8 28. Rxe7 Qxe7 29. Rxe7 Ndxe7 30. Qf7 Nf6 31. Qxf6+ Kg8 32. Be6# 1-0

[Event "Open Ouest 2016/2017"]
[Site "Vitrolles"]
[Date "2017.01.21"]
[Round "5"]
[White "Coquet, Bruno"]
[Black "Martinot, Herve"]
[Result "1-0"]
[WhiteElo "1399"]
[BlackElo "1399"]
[PlyCount "65"]

1. e4 Nc6 2. Bc4 Nf6 3. Nc3 e6 4. Nf3 d5 5. exd5 exd5 6. Bb3 Bc5 7. O-O O-O 8.
d4 Be7 9. Re1 Re8 10. Bf4 Bg4 11. Nb5 Rc8 12. c4 a6 13. Nxc7 Rf8 14. Nxd5 Nxd5
15. cxd5 Nb4 16. Rc1 Nxd5 17. Bxd5 Qxd5 18. Rxe7 Qxa2 19. Rxc8 Rxc8 20. Rxb7 a5
21. h3 Be6 22. Ng5 Bd5 23. Qd3 Bxb7 24. Qxh7+ Kf8 25. Bd6+ Ke8 26. Qxg7 Qd5 27.
Qf8+ Kd7 28. Qe7+ Kc6 29. Nxf7 Kb6 30. Bc5+ Kb5 31. Nd6+ Ka6 32. Qe2+ Qc4 33.
Qxc4# 1-0

[Event "Open Ouest 2016/2017"]
[Site "Vitrolles"]
[Date "2017.02.04"]
[Round "6"]
[White "Quet, Jean-Francois"]
[Black "Muhajiz, Gibran"]
[Result "0-1"]
[WhiteElo "1653"]
[BlackElo "1877"]
[PlyCount "82"]

1. e4 c5 2. Nf3 Nc6 3. d4 cxd4 4. Nxd4 Nf6 5. Nc3 e5 6. Ndb5 d6 7. Bg5 a6 8.
Na3 b5 9. Nd5 Be7 10. c3 Nxe4 11. Nxe7 Nxe7 12. Bh4 Qb6 13. f3 Qe3+ 14. Qe2
Qxe2+ 15. Bxe2 Nf5 16. fxe4 Nxh4 17. O-O O-O 18. g3 Ng6 19. Rad1 Rd8 20. Nc2
Be6 21. Nb4 Ne7 22. a3 f5 23. Bf3 fxe4 24. Bxe4 d5 25. Bb1 e4 26. Ba2 a5 27.
Nc2 Bg4 28. Rd2 Ra6 29. Ne3 Be6 30. Rfd1 Rad6 31. c4 bxc4 32. Bxc4 Kf7 33. Rf2+
Ke8 34. Bb5+ Bd7 35. Bxd7+ R6xd7 36. Nf5 Nxf5 37. Rxf5 Ke7 38. Kf2 Ke6 39. g4
g6 40. Rg5 Kf6 41. h4 h6 0-1

[Event "Open Ouest 2016/2017"]
[Site "Vitrolles"]
[Date "2017.02.04"]
[Round "6"]
[White "Jullien, Patrick"]
[Black "Estevez, Ange"]
[Result "1-0"]
[WhiteElo "1602"]
[BlackElo "1490"]
[PlyCount "95"]

1. e4 e5 2. Nf3 Nc6 3. Bb5 a6 4. Ba4 Nf6 5. O-O b5 6. Bb3 Be7 7. d4 d6 8. dxe5
Nxe5 9. Nxe5 dxe5 10. Nc3 c6 11. Qe2 O-O 12. Bg5 Bg4 13. f3 Be6 14. Bxe6 fxe6
15. Rad1 Qc7 16. Be3 Rad8 17. Rxd8 Rxd8 18. Rd1 Rxd1+ 19. Qxd1 Qd6 20. Qxd6
Bxd6 21. Kf1 Kf7 22. Ke2 Nd7 23. Nd1 c5 24. Nf2 h6 25. Ng4 h5 26. Nf2 g6 27. h3
c4 28. g4 hxg4 29. hxg4 Bc5 30. g5 Be7 31. Ng4 Bd6 32. b3 cxb3 33. cxb3 Kg7 34.
Kd3 Kf7 35. Kc3 a5 36. a4 bxa4 37. bxa4 Ke7 38. Kc4 Bb4 39. Kb5 Kf7 40. Kc6 Ke7
41. Nf2 Nb8+ 42. Kb5 Nd7 43. Nd3 Bc3 44. Nc5 Bd4 45. Nxd7 Kxd7 46. Bd2 Kc7 47.
Kxa5 Kb7 48. Kb5 1-0

[Event "Open Ouest 2016/2017"]
[Site "Vitrolles"]
[Date "2017.02.04"]
[Round "6"]
[White "Cens, Alain"]
[Black "Blondelon, Remi"]
[Result "1/2-1/2"]
[WhiteElo "1450"]
[BlackElo "1428"]
[PlyCount "102"]

1. e4 c5 2. Nc3 e6 3. g3 Nc6 4. Bg2 Nge7 5. Nge2 g6 6. d3 Bg7 7. Be3 d6 8. Qd2
a6 9. Bh6 O-O 10. h4 f5 11. Bxg7 Kxg7 12. h5 h6 13. hxg6 Rh8 14. O-O-O e5 15.
f4 Qe8 16. exf5 Bxf5 17. fxe5 dxe5 18. Ne4 Bxe4 19. Bxe4 Rd8 20. Qc3 Nd4 21.
Nxd4 cxd4 22. Qc5 Nxg6 23. Rdf1 Rf8 24. Bxb7 Qb5 25. Qxb5 axb5 26. Bc6 b4 27.
Be4 Nh8 28. Kd2 Nf7 29. Rh2 Ng5 30. Rhf2 Rxf2+ 31. Rxf2 Nxe4+ 32. dxe4 Ra8 33.
Rf5 Rxa2 34. Rxe5 Rxb2 35. Rb5 Rb1 36. Kd3 Rg1 37. Kxd4 Rxg3 38. Rxb4 h5 39.
Rb3 Rg4 40. Ke3 Kf6 41. Rb6+ Ke7 42. Rh6 h4 43. Kd4 Rg2 44. c4 Rh2 45. Kc5 h3
46. Kd5 Rd2+ 47. Ke5 h2 48. Kf4 Rc2 49. Kg3 Re2 50. Rxh2 Rxe4 51. Rc2 Kd6
1/2-1/2

[Event "Open Ouest 2016/2017"]
[Site "Vitrolles"]
[Date "2017.02.04"]
[Round "6"]
[White "Misene, Milan"]
[Black "Dufresne, Said"]
[Result "1/2-1/2"]
[WhiteElo "1350"]
[BlackElo "1418"]
[PlyCount "65"]

1. e4 e6 2. d4 d5 3. Nd2 Nf6 4. e5 Nfd7 5. Ngf3 c5 6. c3 Qb6 7. a4 cxd4 8. cxd4
Nc6 9. Nb3 Bb4+ 10. Bd2 Bxd2+ 11. Nfxd2 Nxd4 12. Nxd4 Qxd4 13. Nf3 Qb4+ 14. Qd2
Qxd2+ 15. Kxd2 O-O 16. h4 Nc5 17. Ra3 Bd7 18. Bb5 Bxb5 19. axb5 b6 20. h5 Rfc8
21. Ke3 a5 22. bxa6 Rxa6 23. Rxa6 Nxa6 24. Ra1 Nc7 25. Rc1 Kf8 26. Nd4 Ke8 27.
Nb5 Kd7 28. Nd6 Rf8 29. Rc3 f6 30. f4 fxe5 31. fxe5 Rg8 32. Rb3 Rb8 33. Kd4
1/2-1/2

[Event "Open Ouest 2016/2017"]
[Site "Vitrolles"]
[Date "2017.02.04"]
[Round "6"]
[White "Chabaud, Philippe"]
[Black "Porte, Jacques"]
[Result "1-0"]
[WhiteElo "1364"]
[BlackElo "1360"]
[PlyCount "71"]

1. d4 Nf6 2. Bf4 d5 3. e3 g6 4. Nd2 Bg7 5. Ngf3 c6 6. Be2 O-O 7. Ne5 Nbd7 8.
O-O Nxe5 9. Bxe5 e6 10. c4 Ne8 11. Nf3 Bxe5 12. dxe5 f6 13. Qb3 f5 14. Rfd1 Qc7
15. cxd5 exd5 16. Rac1 Qf7 17. Ng5 Qe7 18. Nf3 Be6 19. Qc3 Ng7 20. Qd4 Rfd8 21.
b4 b6 22. h4 h6 23. Qf4 Kh7 24. a3 Rac8 25. Nd4 Bd7 26. e6 Nxe6 27. Qe5 Qg7 28.
Qd6 Qf8 29. Qe5 Qg7 30. Qh2 a6 31. h5 c5 32. hxg6+ Kh8 33. Nxf5 Qxg6 34. Qe5+
Kh7 35. Ne7 Qg5 36. Bd3+ 1-0

[Event "Open Ouest 2016/2017"]
[Site "Vitrolles"]
[Date "2017.02.04"]
[Round "6"]
[White "Maccagno, Gilbert"]
[Black "Benoit-Lizon, Alain"]
[Result "0-1"]
[WhiteElo "1363"]
[BlackElo "1540"]
[PlyCount "60"]

1. e4 Nc6 2. Nf3 d5 3. exd5 Qxd5 4. Nc3 Qa5 5. d4 Bg4 6. Be2 O-O-O 7. Be3 e6 8.
O-O a6 9. a3 Bd6 10. Ne4 Nf6 11. Nxd6+ Rxd6 12. c3 h5 13. Nd2 Qf5 14. Kh1 h4
15. f3 h3 16. g3 Bh5 17. g4 Qg6 18. Rg1 Bxg4 19. fxg4 Nd5 20. Rg3 e5 21. Qg1
Nxe3 22. Qxe3 exd4 23. cxd4 Nxd4 24. Bd3 Qf6 25. Rf1 Qd8 26. Nc4 Re6 27. Qf2
Rf6 28. Qe1 Re8 29. Re3 Qd5+ 30. Kg1 Qg2# 0-1

[Event "Open Ouest 2016/2017"]
[Site "Vitrolles"]
[Date "2017.02.04"]
[Round "6"]
[White "Reymond, Jean-Francois"]
[Black "Coquet, Bruno"]
[Result "1-0"]
[WhiteElo "1445"]
[BlackElo "1399"]
[PlyCount "63"]

1. e4 e5 2. f4 exf4 3. Nf3 Bc5 4. d4 Bb6 5. Bc4 d6 6. O-O g5 7. c3 Bg4 8. Be2
Nc6 9. Kh1 Qe7 10. Nbd2 h6 11. d5 Ne5 12. Nxe5 Bxe2 13. Qxe2 dxe5 14. Nc4 Qf6
15. b4 O-O-O 16. a4 a6 17. a5 Ba7 18. Na3 Qg6 19. b5 Bc5 20. Nc4 axb5 21. Nxe5
Qf6 22. Qxb5 Qxe5 23. Qxc5 Qxe4 24. c4 Rd6 25. Ba3 Ra6 26. Rfe1 Qg6 27. Qf8+
Kd7 28. Re8 Qf6 29. Bb2 Qe7 30. Rxe7+ Nxe7 31. Bxh8 Ng6 32. Qxf7+ 1-0

[Event "Open Ouest 2016/2017"]
[Site "Vitrolles"]
[Date "2017.02.04"]
[Round "6"]
[White "Blondelon, Claude"]
[Black "Mars, Florence"]
[Result "1/2-1/2"]
[WhiteElo "1298"]
[BlackElo "1100"]
[PlyCount "110"]

1. d4 Nf6 2. Nf3 d5 3. c4 c5 4. dxc5 Qa5+ 5. Nc3 Qxc5 6. cxd5 e6 7. dxe6 Bxe6
8. e3 Be7 9. Be2 O-O 10. O-O Nc6 11. Bd2 Qb6 12. Qc1 Rac8 13. b3 Rfd8 14. Qb2
Nd5 15. Rac1 Bf6 16. Nxd5 Bxd5 17. Bc3 Ne7 18. Bxf6 Qxf6 19. Qxf6 gxf6 20. Nd4
a6 21. Bg4 Rxc1 22. Rxc1 Nc6 23. Nxc6 Bxc6 24. h4 Rd2 25. a4 Rb2 26. Bd1 Kf8
27. Rc2 Rb1 28. Rd2 Ke7 29. Kf1 Ke6 30. g3 Bf3 31. Ke1 Bxd1 32. Rxd1 Rxb3 33.
Ke2 b5 34. axb5 axb5 35. Kf3 Rb2 36. Rd3 b4 37. g4 b3 38. Kg3 Rb1 39. Kf4 b2
40. Rd2 h6 41. f3 Rh1 42. Rxb2 Rxh4 43. Rb6+ Ke7 44. Rb5 Ke6 45. Rb6+ Ke7 46.
Kf5 Rh3 47. Kf4 h5 48. gxh5 Rxh5 49. Rb7+ Ke6 50. Rb6+ Ke7 51. Kg4 Rg5+ 52. Kf4
Ra5 53. e4 Rc5 54. Rb7+ Ke6 55. Rb6+ Ke7 1/2-1/2

[Event "Open Ouest 2016/2017"]
[Site "Vitrolles"]
[Date "2017.02.04"]
[Round "6"]
[White "Pau, Gerard"]
[Black "Martinot, Herve"]
[Result "1-0"]
[WhiteElo "1399"]
[BlackElo "1399"]
[PlyCount "47"]

1. e4 Nc6 2. Nf3 e5 3. Bc4 Nf6 4. c3 Nxe4 5. O-O d5 6. Bb3 Nf6 7. d4 e4 8. Re1
Bf5 9. Nbd2 Qd6 10. c4 Nxd4 11. Nxd4 Qe5 12. Nxf5 Qxf5 13. cxd5 Ng4 14. Rxe4+
Be7 15. Rxg4 O-O 16. Qf3 Qe5 17. Rf4 Qe1+ 18. Nf1 Bc5 19. d6 cxd6 20. Rxf7 Rxf7
21. Qxf7+ Kh8 22. Be3 Qxa1 23. Bh6 gxh6 24. Qf6# 1-0

[Event "Open Ouest 2016/2017"]
[Site "Vitrolles"]
[Date "2017.03.04"]
[Round "7"]
[White "Muhajiz, Gibran"]
[Black "Misene, Milan"]
[Result "1-0"]
[WhiteElo "1853"]
[BlackElo "1355"]
[PlyCount "55"]

1. d4 d5 2. c4 e6 3. Nc3 Nf6 4. Bg5 Nbd7 5. cxd5 exd5 6. Nf3 Be7 7. Qc2 h6 8.
Bf4 c6 9. O-O-O O-O 10. e3 Nb6 11. Bd3 Nc4 12. h3 Bd6 13. Ne5 Bxe5 14. dxe5 Nh5
15. Bxc4 Nxf4 16. exf4 Qc7 17. Bd3 f5 18. Nxd5 Qf7 19. Ne3 Be6 20. Bc4 Rad8 21.
Bxe6 Qxe6 22. Qc4 Qxc4+ 23. Nxc4 Rc8 24. Rd7 b5 25. Nd6 Ra8 26. e6 Kh7 27. e7
Rg8 28. Re1 1-0

[Event "Open Ouest 2016/2017"]
[Site "Vitrolles"]
[Date "2017.03.04"]
[Round "7"]
[White "Blondelon, Remi"]
[Black "Jullien, Patrick"]
[Result "0-1"]
[WhiteElo "1428"]
[BlackElo "1602"]
[PlyCount "68"]

1. d4 Nf6 2. Nf3 g6 3. c3 Bg7 4. Nbd2 d5 5. g3 Nbd7 6. Bg2 c5 7. O-O O-O 8. Re1
cxd4 9. cxd4 Nb6 10. e3 Bg4 11. b3 Ne4 12. Ba3 Re8 13. Rc1 Rc8 14. Rxc8 Qxc8
15. Qc1 e6 16. Nxe4 dxe4 17. Nd2 f5 18. Bc5 Qc6 19. Bxb6 Qxb6 20. Nc4 Qb4 21.
Qd2 Qxd2 22. Nxd2 Rc8 23. Rb1 Rc2 24. Nc4 Rxa2 25. Nd6 b6 26. Bf1 Bf8 27. Nc8
Bb4 28. Bc4 Kf7 29. d5 exd5 30. Bxd5+ Kg7 31. Rc1 Bc5 32. Bc6 f4 33. Bxe4 fxe3
34. f3 Bh3 0-1

[Event "Open Ouest 2016/2017"]
[Site "Vitrolles"]
[Date "2017.03.04"]
[Round "7"]
[White "Estevez, Ange"]
[Black "Quet, Jean-Francois"]
[Result "0-1"]
[WhiteElo "1490"]
[BlackElo "1653"]
[PlyCount "56"]

1. e4 c5 2. Nf3 Nc6 3. c3 e5 4. Bb5 d6 5. O-O Bg4 6. h3 Bh5 7. d3 a6 8. Bxc6+
bxc6 9. Qa4 Qc8 10. Nbd2 Nf6 11. Rb1 Be7 12. a3 O-O 13. b4 Nd7 14. g4 Bg6 15.
Nc4 Qc7 16. Ncd2 d5 17. Bb2 c4 18. Qc2 Nf6 19. Rfe1 cxd3 20. Qxd3 Rfd8 21. Qc2
Nxe4 22. Nxe4 dxe4 23. Rxe4 Bxe4 24. Qxe4 f6 25. c4 a5 26. b5 Bc5 27. g5 Rd6
28. h4 Rad8 0-1

[Event "Open Ouest 2016/2017"]
[Site "Vitrolles"]
[Date "2017.02.04"]
[Round "7"]
[White "Benoit-Lizon, Alain"]
[Black "Chabaud, Philippe"]
[Result "1-0"]
[WhiteElo "1540"]
[BlackElo "1364"]
[PlyCount "71"]

1. e4 e6 2. d4 d5 3. e5 c5 4. dxc5 Bxc5 5. Qg4 Bf8 6. Nf3 h6 7. Bd3 Nc6 8. O-O
Qb6 9. Nbd2 Qb4 10. c4 Nge7 11. a3 Qb6 12. b4 Qc7 13. Bb2 Bd7 14. Rac1 a6 15.
b5 Na7 16. cxd5 exd5 17. e6 Bxe6 18. Qxe6 Qxc1 19. Qxe7+ Bxe7 20. Rxc1 axb5 21.
Bxg7 Bxa3 22. Rb1 Rg8 23. Bxh6 b4 24. Nb3 Rc8 25. Bd2 b6 26. Re1+ Kd8 27. Ne5
f6 28. Nf7+ Kc7 29. Bf4+ Kb7 30. Nd6+ Ka8 31. Nxc8 Rxc8 32. h4 Rc3 33. Re8+ Kb7
34. Re7+ Ka8 35. Ba6 Nc6 36. Bb7+ 1-0